Responses for show #350 - Friday, January 10, 1986

Contestants

Lynne McGrath, a library technician from Pasadena, California

David Green, a law student from Buffalo Grove, Illinois

Steve Willis, a financial analyst from Lynwood, California (whose 2-day cash winnings total $17,800)

Jeopardy! Round responses

GOLDEN OLDIES
ANIMALS
GAMES
ODDS & ENDS
COLORS
NAMES
    $100 25
(Alex: Less than a minute to go in the room. In the, round.)

Stevie Wonder

David
    $100 21
(Alex: Correct. We have two categories left. Where do we go to?)

termites

David
    $100 4
fish

David
    $100 1
the Pledge of Allegiance

Lynne
    $100 12
(Steve: What is pink?)

white

SteveDavid
    $100 2
Eve

Steve
    $200 27
he's my brother

David
    $200 22
a lizard

Steve
    $200 5
dice

Steve
    $200 17
Poland

Steve
    $200 13
(Alex: I don't think there have been too many hit songs with brown eyes in the title, or green eyes, but there have been a lot of them with [*] eyes.)

blue

Triple Stumper
    $200 3
Edgar

David
    $300 28
Paul & Paula

Triple Stumper
    $300 23
a (sea) urchin

Lynne
    $300 6
balls

Triple Stumper
    $300 18
(Alex: Yes, the nasty L.A. Times.)

E.T.

Steve
    $300 14
redwoods

David
    $300 8
Jonah

Steve
    $400 29
(Alex: [Singing] "This, my darling, I've been told, I don't care just what they say... 'cause forever..." I can't remember the lyrics. [*]. Oh, [*]. And oh, Alex. We've got one more answer, let's go to it. Let's show you what it is. Here we go...)

Diana

Triple Stumper
    $400 24
(David: What is a weaver bird?)

tailorbirds

David
Triple Stumper
    $400 10
gin rummy

Steve
    $400 19
Mario Cuomo

David
    $400 15
black

Steve
    $300 7
John

Steve
    $500 30
(Alex: "London's answer to the Mersey Sound" was led by [*]. The [*] Five.)
...
(Alex: I have to do some therapy on my mouth, and my brain, and when we return, we'll be all set, including me, for Double Jeopardy!)

Dave Clark

Triple Stumper
    $500 26
(Steve: What are spiders?)

mites

SteveDavid
    $500 11
[Applause for David's tying the game with Steve after this clue]

go

David
    $500 20
(David: What are, um, carrier pigeons?)
...
(Alex: We have two colonies left, which one do we go to now?)
(Steve: Let's try ANIMALS for $100.)
(Alex: Did I say we have two "colonies" left?)

the pony express

SteveDavid
    $500 16
(David: What is the Green State?)
(Alex: Be more specific.)

the Green Mountain State

David
    $500 9
Carew

David

Scores at the first commercial break (after clue 13):

Steve David Lynne
$1,200 $1,400 $100

Scores at the end of the Jeopardy! Round:

Steve David Lynne
$2,300 $2,600 $400

Double Jeopardy! Round responses

EUROPE
ā€™60s CINEMA
DOUBLE ā€œPā€s
(Alex: Double the letter P will appear in all the responses.)
SHAKESPEAREAN TRIVIA
ARCHITECTURE
SEWING
    $200 6
Portugal

David
    $200 21
the Dirty Dozen

Lynne
    $200 7
a slipper

Steve
    $200 1
[Alex repeats the clue in full after a stand-and-stare by the three contestants.]

Jack & Jill

Triple Stumper
    $200 16
bricks

Steve
    $200 26
notions

David
    $400 8
France

David
    $400 22
Vincent Price

Steve
    $400 12
dapper

David
    $400 2
The Two Gentlemen of Verona

Lynne
    $400 17
Adolf Hitler

Steve
    $400 27
[The end-of-round signal sounds.]

pinking shears

David
    $600 9
a pastry shop

Steve
    $600 23
Lolita

Steve
    $600 13
Appaloosa

David
    $600 3
(Steve: [Haughtily] Who is [*]?)
(Alex: Correct. Oh, I like your impression, too.)

Charles Laughton

Steve
    $600 18
(David: What is an arch?)

a church

SteveDavid
    $800 10
(Lynne: What is Chile?)
(David: What is Norway?)
...
(Alex: Lynne, you forgot the category momentarily. The category is EUROPE.)

Italy

DavidLynne
Triple Stumper
    $800 24
The Pink Panther

David
    $400 14
The Honeydrippers

David
    $800 4
(Alex: Othello and Falstaff were the plays.)

Giuseppe Verdi

Steve
    $800 19
(Alex: I mispronounced the name of the place [as "Tally-ee-sin"]. We've got less than a minute to go in the round.)

Frank Lloyd Wright

David
    $1000 11
Albania

David
    $1000 25
Alan Ladd

Triple Stumper
    $1000 15
(Alex: People all over America, running all of the countries through their minds, zz-zz-zz, and finally alighting on "What is [*]?")

the Philippines

Triple Stumper
    $500 5
(Steve: What was Hamlet...)
(Alex: Right.)
(Steve: Richard III...)
(Alex: Correct.)
(Steve: ...and... Macbeth.)

(3 of) Hamlet, Richard III, Henry V, & Othello

Steve
    $1000 20
[ERRATUM: The clue was missing a second comma as shown.]

the Circus Maximus

Steve

Scores at the end of the Double Jeopardy! Round:

Steve David Lynne
$7,200 $6,400 $200

[wagering suggestions for these scores]

Final Jeopardy! Round responses

AMERICAN HISTORY
LynneWhere was Civil War treaty signed?
$200
DavidWhat is Lincoln's Death
$5,900
SteveWhat was the Confederate Surrender?
$6,000
the Confederate surrender

Final scores:

Steve David Lynne
$13,200 $500 $400
3-day champion: $31,000 2nd place: a vacation at Ingleside Inn in Palm Springs + Ventura luggage 3rd place: Bookcassette unabridged bestsellers performed on tape

Game dynamics:

Coryat scores:

Steve David Lynne
$7,800 $6,800 $200
20 R
(including 1 DD),
3 W
(including 1 DD)
22 R
(including 1 DD),
4 W
4 R,
1 W

Combined Coryat: $14,800

The J! Archive is created by fans, for fans. The Jeopardy! game show and all elements thereof, including but not limited to copyright and trademark thereto, are the property of Jeopardy Productions, Inc. and are protected under law. This website is not affiliated with, sponsored by, or operated by Jeopardy Productions, Inc. Join the discussion at JBoard.tv.